000 00326nam a2200133Ia 4500
005 20251222144833.0
008 251222s9999||||xx |||||||||||||| ||spa||
020 _a970-181178-X
082 _a974.014/G77
100 _aGraulich, Michel
245 0 _aRitos Aztecas:
264 _bInstituto Nacional Indigenista
942 _cLIB
999 _c20923
_d20923